LEADER 00922nam0-2200337---450- 001 990009393940403321 005 20110708095516.0 010 $a88-7179-533-4 035 $a000939394 035 $aFED01000939394 035 $a(Aleph)000939394FED01 035 $a000939394 100 $a20110708d2007----km-y0itay50------ba 101 0 $aita 102 $aIT 105 $aa-------001yd 200 1 $aCentochiodi$fun film di Ermanno Olmi$gfotografie di Olimpia Pallavicino 210 $aMilano$cMotta$d2007 215 $a93 p.$cill.$d25x30 cm. 610 0 $aCentochiodi 610 0 $aOlmi, Ermanno$aCinema 676 $a791.4372 702 1$aOlmi,$bErmanno$f<1931- > 702 1$aPallavicino,$bOlimpia 801 0$aIT$bUNINA$gRICA$2UNIMARC 901 $aBK 912 $a990009393940403321 952 $a791.437 OLM 1$b14248 DFM$fFLFBC 959 $aFLFBC 996 $aCentochiodi$9763873 997 $aUNINA LEADER 01010cam a22002771 4500 001 991002798759707536 005 20130408114940.0 008 861119s1951 enka b 000 0 eng 035 $ab14233903-39ule_inst 040 $aBibl. Dip.le Aggr. Matematica e Fisica - Sez. Matematica$beng 082 0 $a517.2 084 $aLC QA433.S3 084 $aAMS 53A45 100 1 $aSchouten, Jan Arnoldus$022783 245 10$aTensor analysis for physicists /$cby J. A. Schouten 260 $aOxford,$bClarendon Press,$c1951 300 $ax, 275 p. :$bill.$c24 cm 504 $aBibliography: p. [268]-271 650 0$aCalculus of tensors 650 0$aMathematical physics 907 $a.b14233903$b21-10-15$c01-07-15 912 $a991002798759707536 945 $aLE013 Fondo Cattaneo 53A SCH11 (1951)$g1$i2013000226347$lle013$og$pE22.89$q-$rn$s- $t1$u0$v0$w0$x0$y.i15684428$z01-07-15 996 $aTensor Analysis for Physicists$9134749 997 $aUNISALENTO 998 $ale013$b01-07-15$cm$da $e-$feng$genk$h0$i0 LEADER 01264nam a2200289 i 4500 001 991003887569707536 005 20030103125202.0 008 020919s1979 it 000 0 ita d 035 $ab11878551-39ule_inst 035 $aPRUMB67276$9ExL 040 $aDip.to SSSC$bita 082 0 $a373 100 1 $aCalidoni, Mario$0532369 245 10$aRicerca e scuola media :$bproblemi e prospettive della didattica della ricerca come esperienza culturale /$cMario Calidoni, Paolo Calidoni 260 $aBrescia :$bLa scuola,$cc1979 300 $a184 p. ;$c19 cm 490 0 $aNuova media 650 4$aScuola media$xAttività di ricerca 700 1 $aCalidoni, Paolo$eauthor$4http://id.loc.gov/vocabulary/relators/aut$0481604 907 $a.b11878551$b28-04-17$c07-01-03 912 $a991003887569707536 945 $aLE022 MP 75 I 7$g1$i2022000089548$lle022$o-$pE0.00$q-$rl$s- $t0$u0$v0$w0$x0$y.i1311461x$z23-02-04 945 $aLE021 DI3F16$g1$iLE021N-2081$lle021$o-$pE0.00$q-$rl$s- $t0$u0$v0$w0$x0$y.i12133310$z07-01-03 945 $aLE021 DI1B26$g1$iLE021N-3857$lle021$o-$pE0.00$q-$rl$s- $t0$u0$v0$w0$x0$y.i12133322$z07-01-03 996 $aRicerca e scuola media$91454735 997 $aUNISALENTO 998 $ale022$a(2)le021$b01-01-02$cm$da $e-$fita$git $h0$i3